Kiplinger looks to the future : boom and inflation ahead and what you can do about it.

Bibliographic Details
Main Author: Kiplinger, W. M. (Willard Monroe), 1891-
Format: Book
Language:English
Published: New York : Simon and Schuster, [1958]
Subjects:

MARC

Tag First Indicator Second Indicator Subfields
LEADER 00000cam a2200000 4500
001 in00000059211
005 20151008051541.0
008 751104s1958 nyua 00010 eng
010 |a  58014539  
035 |a (OCoLC)01804866 
035 |9 AAG8608AM 
040 |a DLC  |c FQG  |d TXA  |d UtOrBLW 
049 |a TXAM  |c [298935] 
050 0 0 |a HC106.5  |b .K45 
082 0 |a 330.973 
092 |a 330.973  |b K57k 
100 1 |a Kiplinger, W. M.  |q (Willard Monroe),  |d 1891- 
245 1 0 |a Kiplinger looks to the future :  |b boom and inflation ahead and what you can do about it. 
264 1 |a New York :  |b Simon and Schuster,  |c [1958] 
264 4 |c [©1958] 
300 |a 96 pages :  |b illustrations ;  |c 27 cm. 
336 |a text  |b txt  |2 rdacontent 
337 |a unmediated  |b n  |2 rdamedia 
338 |a volume  |b nc  |2 rdacarrier 
650 0 |a Inflation (Finance)  |z United States. 
651 0 |a United States  |x Economic conditions  |y 1945- 
740 0 |a Boom and inflation ahead. 
999 |a MARS 
999 f f |s f9ba14b7-7f24-3669-97ac-6e954536c1a6  |i 6477a85a-4917-3052-9cb0-6316310fb489  |t 0 
952 f f |p ric  |a Texas A&M University  |b Rellis Campus  |c Joint Library Facility  |d Remote Storage  |t 0  |e HC106.5 .K45  |h Library of Congress classification  |i unmediated -- volume  |m A14800707706 
998 f f |a HC106.5 .K45  |t 0  |l Remote Storage